Estadísticas educativas en América Latina y el Caribe: Informe de un estudio sobre la situación de las estadísticas educativas, indicadores y sistemas de información para la administración en la region y lecciones a aprender de otras regiones / R. W. Mc Meeckin (Registro nro. 10465)

Detalles MARC
000 -LEADER
fixed length control field 00767nam a22001811a 4500
001 - CONTROL NUMBER
control field 10465
003 - CONTROL NUMBER IDENTIFIER
control field OSt
005 - DATE AND TIME OF LATEST TRANSACTION
control field 20260204212200.0
008 - FIXED-LENGTH DATA ELEMENTS--GENERAL INFORMATION
fixed length control field 090304s1998||||xxu||||||b||||||||||spa||
050 ## - LIBRARY OF CONGRESS CALL NUMBER
Classification number 370.31021 M459e
100 ## - ASIENTO PRINCIPAL -- NOMBRE PERSONAL
Personal name Mc Meeckin, R. W.
245 ## - TÍTULO PROPIAMENTE DICHO: SUBTÍTULO
Title Estadísticas educativas en América Latina y el Caribe: Informe de un estudio sobre la situación de las estadísticas educativas, indicadores y sistemas de información para la administración en la region y lecciones a aprender de otras regiones / R. W. Mc Meeckin
264 ## - PRODUCTION, PUBLICATION, DISTRIBUTION, MANUFACTURE, AND COPYRIGHT NOTICE
Place of production, publication, distribution, manufacture Estados Unidos de América : Banco Interamericanol de Desarrollo
300 ## - PHYSICAL DESCRIPTION
Extensión 70 p
500 ## - GENERAL NOTE
General note Incluye bibliografía
650 ## - ASIENTO SECUNDARIO DE MATERIA -- TERMINO TEMÁTICO
Termino Temático Como Elemento de Entrada Estadística - Educación 2.Estadística Educativas - AméricaÌ
942 ## - ADDED ENTRY ELEMENTS (KOHA)
Source of classification or shelving scheme Dewey Decimal Classification
Koha item type Libros
Existencias
Withdrawn status Lost status Source of classification or shelving scheme Damaged status Not for loan Current library Date acquired Total Checkouts Full call number Barcode Date last seen Price effective from Koha item type
    Dewey Decimal Classification     Biblioteca UTECO 09/09/2019   370.31021 M459E 014724 09/09/2019 09/09/2019 Libros
© 2021 Derechos Reservados UTECO - Teléfono: +1 809-585-2291 - Correo electrónico: biblioteca@uteco.edu.do​  
Código postal 43000 ​​
Dirección: Avenida Universitaria No. 100, 
Cotuí, Provincia Sánchez Ramírez, República Dominicana - RNC: 404-00059-6